000 00879 a2200229 4500
008 240605b mp ||||| |||| 00| 0 mon d
020 _a99929-0-815-7
035 _a7049
040 _aHE0623081
_bmon
_cMN-UlNLM
_dMN-UlNLM
_erda
041 _amon
042 _a12694
084 _2NNA
_a84(5)-44
_bС.913
100 _aСэкэли Т.
245 0 _aБалар ширэнгийн анчин хүү Кумэуауа
264 _aУБ.
_bМонсудар
_c2006
300 _a64х.
336 _2rdacontent
_atext
_btxt
337 _2rdamedia
_aunmediated
_bn
338 _2rdacarrier
_avolume
_bnc
650 _aТибор Сэкэли эсперанто хэлээр ном зохиолоо туурвидаг зохиолчдын дотроос хамгийн нэрд гарсан нэгэн. Тэрбээр хорвоо ертөнцөөр аялж...
942 _2NNA
_cBK
999 _c879300
_d879357